Normal view MARC view
  • B.G. Kyle

Entry Personal Name

Number of records used in: 7

001 - CONTROL NUMBER

  • control field: 10674

003 - CONTROL NUMBER IDENTIFIER

  • control field: NUST

005 - DATE AND TIME OF LATEST TRANSACTION

  • control field: 20180601035448.0

008 - FIXED-LENGTH DATA ELEMENTS

  • fixed length control field: 180601|| aca||aabn | a|a d

040 ## - CATALOGING SOURCE

  • Original cataloging agency: NUST
  • Transcribing agency: NUST

100 ## - HEADING--PERSONAL NAME

  • Personal name: B.G. Kyle

670 ## - SOURCE DATA FOUND

  • Source citation: Work cat.: (NUST): B.G. Kyle, Chemical and Process Thermodynamics, 2011
© 2023 Central Library, National University of Sciences and Technology. All Rights Reserved.